| 000 | 01031nam0a22003011 4500 | ||
|---|---|---|---|
| 001 | rc\4662267 | ||
| 005 | 20130416203448.1 | ||
| 021 |
_aRU _b[67-73779] |
||
| 035 | _a(NLR Aleph) 008697594 | ||
| 090 |
_a9278391 _c9278391 |
||
| 100 | _a20130416d1967 |||y0rusy50 ca | ||
| 101 | 0 | _arus | |
| 102 | _aRU | ||
| 105 | _aa z ||||| | ||
| 200 | 1 | _aПередачи мощности тепловозов | |
| 210 |
_aМосква _cМашиностроение _d1967 |
||
| 215 |
_a476 с. _cил. _d27 |
||
| 300 | _aПеред загл. авт.: А.Д. Степанов, В.А. Васильев, Б.Г. Кузнецов и др. | ||
| 320 | _aБиблиогр.: с. 472-473 (50 назв.) | ||
| 606 |
_aТепловозные передачи _2psbo |
||
| 701 | 1 |
_aВасильев _bВ. А. |
|
| 701 | 1 |
_aКузнецов _bБ. Г. |
|
| 701 | 1 |
_aСтепанов _bА. Д. _gАлександр Дмитриевич |
|
| 801 | 0 |
_aRU _bNLR _gpsbo |
|
| 801 | 1 |
_aRU _bELAR _2rusmarc |
|
| 852 |
_aNLR _j67-8/1766 |
||
| 942 | _cBOOK | ||
| 980 | _aNB | ||